Sprzęt, który przydaje się podczas pieszej wędrówki. - Statystyki

Ogólne statystyki
  • Ten quiz został rozwiązany 6 razy
  • Średni wynik to 3 z 6
Statystyki odpowiedzi
Hint Odpowiedź % Poprawnych
3. Buty
100%
1. Plecak
100%
2. Kijki
67%
4. Mapa | GPS
50%
6. Latarka
17%
5. Powerbank
0%
Nie znaleziono quizów pasujących do podanych kryteriów
Rozkład punktacji
Procent ludzi z każdym wynikiem
Percentyl według liczby udzielonych odpowiedzi
Twoja historia wyników
Nie rozwiązałeś tego quizu